[Event "Druzynowe Mistrzostwa Polski Juniorow - I Liga 2023"]
[Site "Lublin"]
[Date "1899-12-30"]
[Round "7.44"]
[White "Bala, Bartosz"]
[Black "Grzebieniowski, Michal"]
[Result "0-1"]
[WhiteTitle "II"]
[BlackTitle "I"]
[WhiteElo "1393"]
[BlackElo "1603"]

1. e4 c6 2. d4 d5 3. Nd2 dxe4 4. Nxe4 Nf6 5. Nxf6+ exf6 6. Bc4 Bd6 7. Ne2 O-O 8.
O-O Qc7 9. Ng3 Nd7 10. c3 Re8 11. Bd2 Nf8 12. Qc2 Bd7 13. Rae1 Ng6 14. Rxe8+ Rxe8
15. Re1 Qc8 16. Ne4 Bf8 17. Ng3 b5 18. Bd3 Be6 19. Bf5 Qd7 20. Qe4 Re7 21. Qc2
Qd5 22. a3 c5 23. Be4 Qd6 24. dxc5 Qxc5 25. Be3 Qc8 26. Bf5 a6 27. Rd1 Re8 28.
Qd3 Be7 29. Bxg6 hxg6 30. h3 f5 31. Ne2 Bb3 32. Re1 Bc4 33. Qd2 Bf6 34. Nd4 g5
35. g3 f4 36. gxf4 Qxh3 37. fxg5 Re4 38. f3 Qg3+ 39. Qg2 Qxe1+ 40. Qf1 Qxf1+ 41.
Kh2 Be5+ 0-1

[Event "Druzynowe Mistrzostwa Polski Juniorow - I Liga 2023"]
[Site "Lublin"]
[Date "1899-12-30"]
[Round "7.45"]
[White "Adamczyk, Kacper"]
[Black "Baran, Szymon"]
[Result "0-1"]
[WhiteTitle "II"]
[BlackTitle "II+"]
[WhiteElo "1277"]
[BlackElo "1343"]

1. c4 e5 2. Nc3 Nf6 3. g3 c6 4. d4 exd4 5. Qxd4 Be7 6. Bg2 O-O 7. e4 d6 8. Nge2
Be6 9. O-O Nbd7 10. Kh1 Qb6 11. b3 Qxd4 12. Nxd4 Nb6 13. Nxe6 fxe6 14. Bh3 Kf7
15. f4 Ne8 16. Ba3 Nc7 17. Rad1 d5 18. Bxe7 Kxe7 19. exd5 cxd5 20. cxd5 Nbxd5
21. Nxd5+ exd5 22. Rfe1+ Kd6 23. Bg2 Rae8 24. Kg1 Rxe1+ 25. Rxe1 Re8 26. Rxe8
Nxe8 27. Kf2 Nf6 28. h3 Kc5 29. Ke3 a5 30. a3 b5 31. g4 a4 32. bxa4 bxa4 33. Kd3
Nd7 34. g5 g6 35. h4 Nf8 36. Bh3 d4 37. Bc8 Kd5 38. f5 gxf5 39. Bxf5 Ke5 40. Be4
Ng6 41. Bxg6 hxg6 42. Kc4 Ke4 43. h5 gxh5 44. g6 d3 45. g7 d2 46. g8=Q d1=Q 47.
Qe6+ Kf4 48. Qf7+ Kg3 49. Qc7+ Kh3 50. Qe7 Qb3+ 51. Kd4 Qg3 52. Qf8 Kg2 53. Qa8+
Qf3 54. Qe8 h4 55. Qg6+ Qg3 56. Qe4+ Kh3 57. Qh1+ Kg4 58. Qd1+ Kg5 59. Qh1 h3
60. Qd5+ Kg4 61. Qe6+ Kf3 62. Qe4+ Kf2 63. Qc2+ Kg1 64. Qb1+ Kg2 65. Qe4+ Kf1
66. Qb1+ Qe1 67. Qd3+ Kg2 68. Qg6+ Qg3 69. Qe4+ Kh2 70. Qc2+ Kh1 71. Qe4+ Qg2
72. Qf5 Qb2+ 73. Kc4 Qe2+ 74. Kb4 h2 75. Qb1+ Kg2 76. Qg6+ Kf1 77. Qf5+ Ke1 78.
Qb1+ Kf2 79. Qf5+ Qf3 80. Qc5+ Kg3 0-1

[Event "Druzynowe Mistrzostwa Polski Juniorow - I Liga 2023"]
[Site "Lublin"]
[Date "1899-12-30"]
[Round "7.46"]
[White "Figa, Karolina"]
[Black "Kowalski, Aleksander"]
[Result "1-0"]
[WhiteTitle "I++"]
[BlackTitle "II"]
[WhiteElo "1391"]
[BlackElo "1157"]

1. d4 Nf6 2. c4 c5 3. d5 b5 4. Nf3 b4 5. Qc2 g6 6. e4 d6 7. h3 Nbd7 8. Bf4 Nh5
9. Bh2 Bg7 10. Be2 O-O 11. O-O a5 12. Ne1 Nhf6 13. f4 Nb6 14. Bf3 Ba6 15. Nd2
Nfd7 16. Nd3 Bd4+ 17. Kh1 Be3 18. b3 Bd4 19. Rae1 Bg7 20. e5 Nb8 21. g4 f6 22.
Re2 fxe5 23. fxe5 Bh6 24. Ne4 Nc8 25. g5 Bg7 26. Ref2 Qc7 27. Bg4 Nd7 28. Nf4
Nxe5 29. Ne6 Rxf2 30. Qxf2 1-0

[Event "Druzynowe Mistrzostwa Polski Juniorow - I Liga 2023"]
[Site "Lublin"]
[Date "1899-12-30"]
[Round "7.47"]
[White "Ziobrowska, Maja"]
[Black "Obrochta, Lena"]
[Result "0-1"]
[WhiteTitle "I++"]
[BlackTitle "I++"]
[WhiteElo "1759"]
[BlackElo "1639"]

1. e4 c5 2. Nf3 e6 3. g3 a6 4. Bg2 Nc6 5. O-O d6 6. Nc3 Nf6 7. Re1 Qc7 8. d4 cxd4
9. Nxd4 Be7 10. h3 Bd7 11. Nce2 O-O 12. f4 Rac8 13. c3 Rfd8 14. Be3 g6 15. f5
Nxd4 16. Nxd4 e5 17. Ne2 Bc6 18. fxg6 hxg6 19. Qb3 b5 20. Rf1 Bd7 21. g4 Be6 22.
Qc2 d5 23. Ng3 d4 24. Bg5 Kg7 25. Rf3 Rh8 26. Raf1 Nh7 27. Bxe7 Qxe7 28. Ne2 Ng5
29. Rg3 Qc5 30. Kh2 Qe7 31. Qd2 dxc3 32. Nxc3 Rcd8 33. Qe3 Bc4 34. Rc1 b4 35.
Nd5 Bxd5 36. exd5 e4 37. Qd2 Qe5 38. Qxb4 Rxd5 39. Qc3 Qxc3 40. bxc3 Rd2 41. Re3
Rxa2 42. Kg3 f5 43. gxf5 gxf5 44. Bf1 Kf6 45. c4 Ke5 46. Rec3 Rd2 47. c5 f4+ 48.
Kg4 Rdd8 49. c6 Ne6 50. h4 Rdg8+ 51. Kh3 f3 52. Rc5+ Nxc5 53. Rxc5+ Kd6 54. Rc2
Rc8 55. Bxa6 Rxc6 56. Rd2+ Ke5 57. Bb7 Rf6 58. Kg3 Rg8+ 59. Kh3 Kf4 0-1

[Event "Druzynowe Mistrzostwa Polski Juniorow - I Liga 2023"]
[Site "Lublin"]
[Date "1899-12-30"]
[Round "7.48"]
[White "Strzoda, Natalia"]
[Black "Mataczyna, Aleksandra"]
[Result "0-1"]
[WhiteTitle "I"]
[BlackTitle "I"]
[WhiteElo "1294"]
[BlackElo "1166"]

1. e4 e5 2. Nf3 Nc6 3. d4 exd4 4. Nxd4 Nf6 5. Nxc6 bxc6 6. Bd3 Bc5 7. e5 Nd5 8.
Qg4 Bf8 9. Bg5 Ne7 10. Bf6 d5 11. Qg5 gxf6 12. exf6 Ng6 13. Qe3+ Be6 14. f4 Qxf6
15. O-O Bg7 16. Nd2 Qd4 17. Qxd4 Bxd4+ 18. Kh1 Nxf4 19. Ba6 Rb8 20. Nb3 Be5 21.
Rae1 Ng6 22. Bd3 Bd6 23. Nd4 Kd7 24. Nxe6 fxe6 25. Rf7+ Be7 26. c4 Rxb2 27. cxd5
cxd5 28. Be2 Rf8 29. Rxh7 Rxe2 0-1

[Event "Druzynowe Mistrzostwa Polski Juniorow - I Liga 2023"]
[Site "Lublin"]
[Date "1899-12-30"]
[Round "7.49"]
[White "Pisarek, Jan"]
[Black "Kozlowski, Franciszek"]
[Result "1-0"]
[WhiteTitle "I"]
[BlackTitle "I+"]
[WhiteElo "1956"]
[BlackElo "1900"]

1. e4 c6 2. Nf3 d5 3. d3 dxe4 4. dxe4 Qxd1+ 5. Kxd1 Bg4 6. Be2 Nd7 7. Ne1 Bxe2+
8. Kxe2 e5 9. a4 Nc5 10. f3 Ne6 11. c3 Nf6 12. Nd3 Nd7 13. a5 Nec5 14. Nd2 Nxd3
15. Kxd3 O-O-O 16. Kc2 a6 17. Nc4 f6 18. Rd1 Nc5 19. Be3 Be7 20. Bxc5 Bxc5 21.
b4 Ba7 22. Na3 h5 23. Rab1 h4 24. h3 Kc7 25. c4 c5 26. b5 Bb8 27. Rd5 Rxd5 28.
cxd5 axb5 29. Rxb5 Ba7 30. Nc4 Rb8 31. Kd3 g5 32. Nb2 b6 33. Kc4 Rd8 34. Na4 bxa5
35. Rxa5 Bb6 36. Nxb6 Kxb6 37. Rb5+ Kc7 38. Kxc5 Re8 39. d6+ Kd7 40. Kd5 1-0

[Event "Druzynowe Mistrzostwa Polski Juniorow - I Liga 2023"]
[Site "Lublin"]
[Date "1899-12-30"]
[Round "7.50"]
[White "Duda, Szymon"]
[Black "Duda, Leon"]
[Result "1-0"]
[WhiteTitle "I+"]
[BlackTitle "I"]
[WhiteElo "1928"]
[BlackElo "1555"]

1. e4 c5 2. Nf3 d6 3. d4 cxd4 4. Qxd4 Nc6 5. Qe3 g6 6. c4 Bg7 7. Nc3 Nf6 8. h3
O-O 9. Be2 Be6 10. O-O Rc8 11. Nd5 Nd7 12. Rb1 Nc5 13. b4 Nxe4 14. Qxe4 Bf5 15.
Qh4 e6 16. Bg5 f6 17. Nxf6+ Bxf6 18. Bxf6 Qxf6 19. Qxf6 Rxf6 20. Rb2 e5 21. Rd1
b6 22. a3 Nd8 23. Nh2 Nf7 24. Nf1 Be6 25. Ne3 Rf4 26. Rbd2 Kf8 27. g3 Rf6 28.
Kg2 Ng5 29. Rxd6 Ne4 30. Ng4 Bxg4 31. Rxf6+ Nxf6 32. hxg4 Ke7 33. g5 Ne4 34. Rd5
Nc3 35. Rxe5+ Kd6 36. Re6+ Kxe6 37. Bg4+ Ke7 38. Bxc8 Ne4 39. f4 Nd6 40. Ba6 Nf5
41. c5 Ne3+ 42. Kf3 Nc2 43. cxb6 axb6 44. Bd3 Nxa3 45. Ke4 Ke6 46. g4 b5 47. Kd4
Kd6 48. f5 Ke7 1-0

[Event "Druzynowe Mistrzostwa Polski Juniorow - I Liga 2023"]
[Site "Lublin"]
[Date "1899-12-30"]
[Round "7.51"]
[White "Niesyt, Michal"]
[Black "Lapczynski, Jacek"]
[Result "1-0"]
[WhiteTitle "I"]
[BlackTitle "II"]
[WhiteElo "1564"]
[BlackElo "1222"]

1. e4 c5 2. Nf3 Nc6 3. d4 cxd4 4. Nxd4 g6 5. Be3 Nf6 6. Nc3 Bg7 7. Bc4 O-O 8. Bb3
Re8 9. h3 d6 10. O-O Bd7 11. Re1 Nxd4 12. Bxd4 Bc6 13. Nd5 Bxd5 14. exd5 a6 15.
Qd2 Rc8 16. Re2 Nd7 17. Bxg7 Kxg7 18. Qd4+ Kg8 19. Rae1 Nc5 20. Qh4 Rc7 21. f4
Nxb3 22. axb3 f6 23. Qh6 Rf8 24. c3 Rf7 25. Re3 Qf8 26. Qh4 Rg7 27. Qf2 Qe8 28.
Qd2 Qb5 29. c4 Qd7 30. Qd4 Qc8 31. Kh2 Kf8 32. g4 Kg8 33. Kg3 Kf7 34. h4 h5 35.
Re6 hxg4 36. Qe3 Qd7 37. Kxg4 Rh7 38. Kg3 Rh5 39. Qe4 Rh8 40. b4 Re8 41. h5 Rg8
42. hxg6+ Rxg6+ 43. Kf2 Rh6 44. Rg1 Qa4 45. Rxf6+ Rxf6 46. Qh7+ Ke8 47. Rg8+ Rf8
48. Qg6+ Kd7 49. Qe6+ Ke8 50. Qg6+ Kd7 51. Rxf8 Rc8 52. Qf5+ Kc7 53. Qxc8+ Kb6
54. c5+ 1-0

[Event "Druzynowe Mistrzostwa Polski Juniorow - I Liga 2023"]
[Site "Lublin"]
[Date "1899-12-30"]
[Round "7.52"]
[White "Chmiel, Krzysztof"]
[Black "Markowski, Tymon"]
[Result "1-0"]
[WhiteTitle "II"]
[BlackTitle "II"]
[WhiteElo "1298"]
[BlackElo "1329"]

1. e4 e6 2. d4 d5 3. exd5 exd5 4. Nf3 Nf6 5. Bd3 Bd6 6. h3 h6 7. O-O O-O 8. Re1
Re8 9. Nbd2 Be6 10. b3 Nbd7 11. Bb2 Rc8 12. a4 a6 13. Nf1 c5 14. Ba3 Qc7 15. dxc5
Bxc5 16. Bxc5 Nxc5 17. Nd4 Nxd3 18. Qxd3 Ne4 19. Nd2 Nxd2 20. Qxd2 Qc3 21. Rad1
Qxd2 22. Rxd2 Kf8 23. Rde2 Kg8 24. f4 Kh7 25. Kf2 Bd7 26. Re7 Be6 27. Rxb7 Ra8
28. Nxe6 fxe6 29. Ke2 Rac8 30. Kd2 Rc6 31. Rc1 e5 32. fxe5 Rxe5 33. Rf7 Rg5 34.
Rf2 Rcg6 35. g4 h5 36. gxh5 Rxh5 37. Rf3 Rg2+ 38. Kc3 Rh2 39. Kd4 R2xh3 40. Rxh3
Rxh3 41. Kxd5 g5 42. c4 Rxb3 43. c5 Kg7 44. c6 Rd3+ 45. Kc5 Rd8 46. c7 Rd7 47.
Kd5 1-0

[Event "Druzynowe Mistrzostwa Polski Juniorow - I Liga 2023"]
[Site "Lublin"]
[Date "1899-12-30"]
[Round "7.53"]
[White "Bialek, Alicja"]
[Black "Slusarczyk, Anna"]
[Result "0-1"]
[WhiteTitle "I"]
[BlackTitle "I++"]
[WhiteElo "1503"]
[BlackElo "1735"]

1. e4 c5 2. Nf3 e6 3. d4 cxd4 4. Nxd4 a6 5. Bd3 Nf6 6. O-O Qc7 7. Qe2 d6 8. f4
Nbd7 9. c4 b6 10. Nc3 Bb7 11. b4 b5 12. Ndxb5 axb5 13. Nxb5 Qb8 14. a4 Be7 15.
Bd2 O-O 16. g4 Rc8 17. g5 Ne8 18. a5 Bf8 19. Ra3 g6 20. Qg4 Ng7 21. Bc3 d5 22.
exd5 exd5 23. Qxd7 dxc4 24. Be5 Bc6 25. Qxf7+ Kxf7 26. Bxc4+ Ke8 27. Bxb8 Raxb8
28. Re3+ Kd8 29. Na7 Bxb4 30. Rd3+ Kc7 31. Nxc8 Bc5+ 32. Rf2 Rb1+ 0-1

[Event "Druzynowe Mistrzostwa Polski Juniorow - I Liga 2023"]
[Site "Lublin"]
[Date "1899-12-30"]
[Round "7.54"]
[White "Slusarczyk, Agnieszka"]
[Black "Gajda, Anna"]
[Result "1-0"]
[WhiteTitle "I"]
[BlackTitle "I"]
[WhiteElo "1400"]
[BlackElo "1243"]

1. d4 Nf6 2. Nf3 e6 3. c4 Bb4+ 4. Bd2 Bxd2+ 5. Nbxd2 b6 6. g3 Bb7 7. Bg2 O-O 8.
O-O d6 9. Re1 Nbd7 10. e4 h6 11. b3 Rb8 12. e5 Nh7 13. exd6 cxd6 14. Ne4 d5 15.
Nd6 Ba8 16. Ne5 dxc4 17. Bxa8 Rxa8 18. bxc4 Nxe5 19. dxe5 f6 20. f4 Qe7 21. Rc1
Rad8 22. c5 fxe5 23. fxe5 bxc5 24. Rxc5 Ng5 25. Re3 Qf7 26. Rc2 Nf3+ 27. Kg2 Ng5
28. h4 Nh7 29. Qe2 Qd7 30. Rb3 Qa4 31. Rc4 Qa6 32. Rbc3 Qb6 33. Rc7 Qd4 34. R7c4
Qd5+ 35. Kh2 Nf6 36. Rd3 Qa5 37. exf6 Qa6 38. fxg7 Kxg7 39. Rcd4 Rb8 40. Qe5+
Rf6 41. Rg4+ Kh7 42. Qxf6 Rg8 43. Qf7+ Kh8 44. Rxg8# 1-0

[Event "Druzynowe Mistrzostwa Polski Juniorow - I Liga 2023"]
[Site "Lublin"]
[Date "1899-12-30"]
[Round "7.55"]
[White "Anyz, Monika"]
[Black "Borowik, Wojciech"]
[Result "0-1"]
[WhiteTitle "I++"]
[BlackTitle "I++"]
[WhiteElo "1652"]
[BlackElo "1823"]

1. e4 c5 2. Nf3 d6 3. d4 cxd4 4. Nxd4 Nf6 5. Nc3 a6 6. Nb3 e6 7. Bd3 Be7 8. O-O
Nc6 9. f4 O-O 10. Qf3 Qc7 11. Bd2 b5 12. a3 Bb7 13. Qh3 b4 14. axb4 Nxb4 15. Na4
Nxd3 16. cxd3 Rab8 17. Rfc1 Qd7 18. Nd4 Ba8 19. Kh1 Rfc8 20. Bc3 h5 21. Qf3 g6
22. Qd1 Ng4 23. Be1 Qa7 24. Nf3 Nf2+ 25. Bxf2 Qxf2 26. Qg1 Qxg1+ 27. Kxg1 Bd8
28. Nd2 Bc6 29. b3 Bf6 30. Rab1 Bd4+ 31. Kf1 Be3 32. Ke2 Bxf4 33. g3 Bg5 34. h4
Bh6 35. Kd1 d5 36. e5 Bb5 37. Nc5 Be3 38. b4 Bf2 39. Ra1 Bxg3 40. Ndb3 Bxe5 0-1

[Event "Druzynowe Mistrzostwa Polski Juniorow - I Liga 2023"]
[Site "Lublin"]
[Date "1899-12-30"]
[Round "7.56"]
[White "Borowik, Karol"]
[Black "Serewa, Antoni"]
[Result "0-1"]
[WhiteTitle "II"]
[BlackTitle "I"]
[WhiteElo "1597"]
[BlackElo "1695"]

1. d4 d5 2. c4 c6 3. Nf3 Nf6 4. Nc3 dxc4 5. a4 Bf5 6. e3 e6 7. Bxc4 Nbd7 8. O-O
Be7 9. Re1 Ne4 10. Bd3 Ndc5 11. Bb1 Nxc3 12. bxc3 Ne4 13. Qb3 Qc7 14. Nd2 Nxd2
15. Bxd2 Bxb1 16. Raxb1 b6 17. c4 O-O 18. e4 Rfd8 19. Be3 Rd7 20. Red1 Rad8 21.
g3 Bf6 22. Bf4 e5 23. dxe5 Bxe5 24. Bxe5 Qxe5 25. Rxd7 Rxd7 26. Rd1 Rxd1+ 27.
Qxd1 h6 28. Qc2 a6 29. f3 Qc5+ 30. Kg2 b5 31. axb5 cxb5 32. e5 bxc4 33. Qa4 Qxe5
34. Qxc4 a5 35. Qc8+ Kh7 36. Qc2+ g6 37. f4 Qd5+ 38. Kg1 Qd4+ 39. Kf1 a4 40. f5
gxf5 41. Qxf5+ Kg7 42. Qf3 Qf6 43. Qxf6+ Kxf6 44. Ke2 a3 45. Kd2 a2 46. Kc2 a1=Q
0-1

[Event "Druzynowe Mistrzostwa Polski Juniorow - I Liga 2023"]
[Site "Lublin"]
[Date "1899-12-30"]
[Round "7.57"]
[White "Morozov, Artem"]
[Black "Jaszczuk, Piotr"]
[Result "0-1"]
[WhiteTitle "II+"]
[BlackTitle "II"]
[WhiteElo "1370"]
[BlackElo "1619"]

1. e4 c5 2. Nc3 Nc6 3. g3 g6 4. Bg2 Bg7 5. d3 d6 6. Bg5 Rb8 7. Qd2 b5 8. h3 b4
9. Nce2 Bxb2 10. Rb1 Bg7 11. g4 Be6 12. c3 bxc3 13. Qc2 Nb4 14. Rxb4 cxb4 15.
d4 Bc4 16. Qa4+ Qd7 17. Qc2 e6 18. Be3 Ne7 19. f4 O-O 20. Ng3 Rfc8 21. N1e2 a5
22. h4 a4 23. h5 b3 24. axb3 axb3 25. Qb1 Bxe2 26. Kxe2 b2 27. Qc2 Qb5+ 28. Kf3
Qb3 0-1

[Event "Druzynowe Mistrzostwa Polski Juniorow - I Liga 2023"]
[Site "Lublin"]
[Date "1899-12-30"]
[Round "7.58"]
[White "Toczylowski, Mateusz"]
[Black "Koziel, Leon"]
[Result "1-0"]
[WhiteTitle "II"]
[BlackTitle "III"]
[WhiteElo "1140"]
[BlackElo "1008"]

1. e4 e5 2. Nf3 Nc6 3. d4 exd4 4. Nxd4 Bc5 5. Nb3 Bb6 6. Nc3 a6 7. Bc4 Nf6 8. Qe2
d6 9. f3 O-O 10. Be3 Bxe3 11. Qxe3 Ne5 12. Be2 Be6 13. O-O-O b5 14. g4 b4 15.
Nd5 Nxd5 16. exd5 Bc8 17. Na5 c5 18. Nc6 Nxc6 19. dxc6 Qc7 20. f4 Qxc6 21. Bf3
Re8 22. Bxc6 Rxe3 23. Bxa8 Bxg4 24. Rde1 Rxe1+ 25. Rxe1 g6 26. Re7 Be6 27. Ra7
Bc4 28. Bb7 Kf8 29. Bxa6 Bxa6 30. Rxa6 Ke7 31. a3 Ke6 32. axb4 cxb4 33. Rb6 Kf5
34. Rxb4 g5 35. fxg5 Kxg5 36. Rd4 f5 37. b4 f4 38. Kd2 Kg4 39. b5 Kf3 40. b6 d5
41. b7 h5 42. b8=Q h4 43. Qxf4+ Kg2 44. Qg4+ Kxh2 45. Qxh4+ Kg2 46. Rg4+ Kf3 47.
Qh3+ 1-0

[Event "Druzynowe Mistrzostwa Polski Juniorow - I Liga 2023"]
[Site "Lublin"]
[Date "1899-12-30"]
[Round "7.59"]
[White "Giemza, Julia"]
[Black "Arciszewska, Zuzanna"]
[Result "1-0"]
[WhiteTitle "I+"]
[BlackTitle "I++"]
[WhiteElo "1577"]
[BlackElo "1726"]

1. e4 e5 2. Nf3 Nc6 3. d4 exd4 4. Nxd4 Bc5 5. Nb3 Bb6 6. Nc3 d6 7. Qe2 a5 8. a4
Nb4 9. g3 Be6 10. Bg2 Ne7 11. O-O O-O 12. Rd1 Nec6 13. Nd5 Bxd5 14. exd5 Re8 15.
Be3 Bxe3 16. fxe3 Ne5 17. c3 Na6 18. Nxa5 b6 19. Nb3 Qd7 20. a5 Qg4 21. Bf1 b5
22. Nd4 Qxe2 23. Bxe2 Nc4 24. Nxb5 Nxe3 25. Rd2 Nxd5 26. Bf3 c6 27. Nxd6 Re6 28.
Bxd5 cxd5 29. Rxd5 Re2 30. b4 Nc7 31. Rd3 Ne6 32. a6 Ng5 33. g4 1-0

[Event "Druzynowe Mistrzostwa Polski Juniorow - I Liga 2023"]
[Site "Lublin"]
[Date "1899-12-30"]
[Round "7.60"]
[White "Borowik, Monika"]
[Black "Opala, Natalia"]
[Result "1-0"]
[WhiteTitle "I"]
[BlackTitle "I"]
[WhiteElo "1408"]
[BlackElo "1202"]

1. d4 Nf6 2. c4 e6 3. Nf3 b6 4. e3 Bb7 5. Bd3 d5 6. O-O Be7 7. Nc3 O-O 8. b3 Nbd7
9. Bb2 c5 10. Rc1 Rc8 11. Qe2 Bd6 12. Rfd1 Qe7 13. Nb5 Bb8 14. Ne5 Nxe5 15. dxe5
Nd7 16. f4 a6 17. Nd6 Bxd6 18. exd6 Qxd6 19. Qh5 h6 20. Qg4 d4 21. exd4 cxd4 22.
Bb1 Nf6 23. Qg3 Nh5 24. Qd3 Nf6 25. Bxd4 Rfd8 26. Qe3 Qc6 27. Rd2 Ne4 28. Re2
Nc5 29. b4 Na4 30. Bc2 Qxc4 31. Rd1 Qc6 32. Qg3 g6 33. Bxg6 Kf8 34. Bh5 Rd7 35.
Qg7+ Ke8 36. Qg8+ Ke7 37. Qxf7+ Kd8 38. Qe8+ Kc7 39. Be5+ Rd6 40. Bxd6+ Qxd6 41.
Qf7+ Kc6 42. Rxd6+ 1-0

[Event "Druzynowe Mistrzostwa Polski Juniorow - I Liga 2023"]
[Site "Lublin"]
[Date "1899-12-30"]
[Round "8.1"]
[White "Jedraszek, Pawel"]
[Black "Malinowski, Szymon"]
[Result "0-1"]
[WhiteTitle "I++"]
[BlackTitle "I++"]
[WhiteElo "2057"]
[BlackElo "1951"]

1. e4 d5 2. exd5 Qxd5 3. Nc3 Qd6 4. d4 Nf6 5. h3 a6 6. Nf3 Nc6 7. g3 Bf5 8. Bg2
Qe6+ 9. Be3 Rd8 10. O-O Qc8 11. g4 Bg6 12. Nh4 e6 13. f4 Be7 14. f5 exf5 15. Nxf5
Bxf5 16. Rxf5 O-O 17. d5 g6 18. Rf2 Ne5 19. Bd4 Nfd7 20. Qf1 Rde8 21. Ne4 Bh4
22. Rf4 Qd8 23. Rd1 Qe7 24. b3 h5 25. c4 hxg4 26. hxg4 g5 27. Rf5 Nxg4 28. Qe2
Nge5 29. Bxe5 Nxe5 30. Nf6+ Kg7 31. Nxe8+ Rxe8 32. Qe3 g4 33. Kf1 f6 34. Rh5 Bg5
35. Qe4 f5 36. Qd4 Kg6 37. Rh1 Nf7 38. Qd3 Qd6 39. Qc2 Be3 40. Rd3 Bc5 41. Qc1
Qe5 42. Qd2 Bb4 43. Qxb4 Qe2+ 44. Kg1 Qxd3 45. Qc5 Re1+ 46. Kh2 g3+ 47. Kh3 Ng5+
48. Kh4 Re8 0-1

[Event "Druzynowe Mistrzostwa Polski Juniorow - I Liga 2023"]
[Site "Lublin"]
[Date "1899-12-30"]
[Round "8.2"]
[White "Trzebinski, Patryk"]
[Black "Ugorek, Kacper"]
[Result "1/2-1/2"]
[WhiteTitle "I++"]
[BlackTitle "I"]
[WhiteElo "1934"]
[BlackElo "1846"]

1. d4 d5 2. Bf4 Nf6 3. Nf3 Bf5 4. e3 e6 5. Nbd2 Nbd7 6. Ne5 Nxe5 7. Bxe5 Bd6 8.
Nf3 O-O 9. Bd3 Ne4 10. Qe2 f6 11. Bg3 Bb4+ 12. Kf1 Bd6 13. Nh4 Nxg3+ 14. hxg3
Bxd3 15. Qxd3 f5 16. f4 c6 17. Nf3 h6 18. Kf2 Qb6 19. b3 a5 20. Nd2 a4 21. g4
Qa6 22. Qxa6 Rxa6 23. gxf5 exf5 24. c4 Bb4 25. Nf3 Rfa8 26. Rab1 axb3 27. Rxb3
Rxa2+ 28. Kg3 R8a4 29. c5 Re2 30. Rhb1 Ba5 31. R1b2 Rxb2 32. Rxb2 Rb4 33. Ra2
Rb5 34. Ne5 g5 35. fxg5 hxg5 36. Kf3 Bc7 37. Ra8+ Kg7 38. Nxc6 g4+ 39. Kf2 Rb2+
40. Kf1 Rb1+ 1/2-1/2

[Event "Druzynowe Mistrzostwa Polski Juniorow - I Liga 2023"]
[Site "Lublin"]
[Date "1899-12-30"]
[Round "8.3"]
[White "Dobosiewicz, Dawid"]
[Black "Zalewski, Witold"]
[Result "1-0"]
[WhiteTitle "I+"]
[BlackTitle "II"]
[WhiteElo "1808"]
[BlackElo "1333"]

1. e4 e6 2. d4 d5 3. e5 c5 4. c3 Qb6 5. Nf3 Bd7 6. a3 a5 7. b3 Nc6 8. Bb2 Nh6 9.
Bd3 c4 10. Be2 cxb3 11. a4 Be7 12. Nbd2 O-O 13. Nxb3 Rfc8 14. Bc1 Nf5 15. Bd3
Qd8 16. h4 h6 17. g4 Nxh4 18. g5 Nxf3+ 19. Qxf3 Bxg5 20. Bxg5 Qxg5 21. Ke2 Qe7
22. Rag1 Kf8 23. Qg3 Ke8 24. Qxg7 Kd8 25. Nc5 Kc7 26. Qxh6 b6 27. Nxd7 Qxd7 28.
Qf6 Na7 29. Rg7 Rf8 30. Rhh7 Kc6 31. Rxf7 Rxf7 32. Rxf7 Qc8 33. Re7 1-0

[Event "Druzynowe Mistrzostwa Polski Juniorow - I Liga 2023"]
[Site "Lublin"]
[Date "1899-12-30"]
[Round "8.4"]
[White "Wons, Krystian"]
[Black "Goralski, Mateusz"]
[Result "1-0"]
[WhiteTitle "I"]
[BlackTitle "II"]
[WhiteElo "1331"]
[BlackElo "1353"]

1. d4 Nf6 2. c4 g6 3. Nc3 Bg7 4. e4 d6 5. Bd3 O-O 6. Nf3 e5 7. d5 Nbd7 8. O-O a5
9. b3 Nc5 10. Bc2 Ne8 11. Rb1 f5 12. Bg5 Qd7 13. exf5 gxf5 14. Ne2 Qf7 15. a3
h6 16. Be3 b6 17. b4 Nb7 18. Nh4 Qf6 19. g3 axb4 20. axb4 Qf7 21. Qd3 Bd7 22.
f3 Qf6 23. b5 Nc5 24. Bxc5 dxc5 25. Ng2 Nd6 26. g4 Qe7 27. Ng3 Rae8 28. Rbe1 Rf7
29. gxf5 Bxf5 30. Nxf5 Nxf5 31. Ne3 Nxe3 32. Rxe3 Bf8 33. Kh1 Rg7 34. f4 Qd6 35.
Qf5 Qd7 36. Qxd7 Rxd7 37. fxe5 Rg7 38. e6 Be7 39. Rg1 Rxg1+ 40. Kxg1 Bf6 41. Rg3+
Kf8 42. Rg6 Bd4+ 43. Kg2 Ra8 44. Kf3 Ra3+ 45. Ke4 Re3+ 46. Kf5 Re2 47. Be4 Rf2+
48. Kg4 h5+ 49. Kxh5 Rxh2+ 50. Kg4 Re2 51. Kf3 Re3+ 52. Kf4 Re1 53. Rg3 Rf1+ 54.
Bf3 Re1 55. Rg2 Bc3 56. Ra2 Ke7 57. Ra8 Bd2+ 58. Kg3 Bc3 59. Bh5 Be5+ 60. Kf2
Rh1 61. Re8+ Kf6 62. Rf8+ Ke7 63. Rf7+ Ke8 64. Rf5+ Ke7 65. Rxe5 Rh2+ 66. Kg3
Rc2 67. Re4 Rc3+ 68. Kf4 Rh3 69. Kg5 Rg3+ 70. Rg4 Rf3 71. Kh6 Rf6+ 72. Rg6 Rf4
73. Rg7+ Kf6 74. Rf7+ Ke5 75. Rxf4 Kxf4 76. e7 1-0

[Event "Druzynowe Mistrzostwa Polski Juniorow - I Liga 2023"]
[Site "Lublin"]
[Date "1899-12-30"]
[Round "8.5"]
[White "Barwinska, Ewa"]
[Black "Skolska, Emilia"]
[Result "1/2-1/2"]
[WhiteTitle "WCM"]
[BlackTitle "I++"]
[WhiteElo "1953"]
[BlackElo "1689"]

1. d4 Nf6 2. Nc3 d5 3. Bg5 c6 4. Qd3 Qa5 5. Bd2 Na6 6. Nd1 Qc7 7. g3 g6 8. Bf4
Qa5+ 9. Qd2 Qxd2+ 10. Bxd2 Bg7 11. f3 Nd7 12. c3 e5 13. dxe5 Nxe5 14. e4 dxe4
15. fxe4 Nc5 16. Nf2 Be6 17. Be3 Ncd7 18. Be2 O-O 19. Ngh3 Nc4 20. Bxc4 Bxc4 21.
O-O-O Ne5 22. b3 Be2 23. Rd2 Bf3 24. Rg1 h6 25. Nf4 Rfe8 26. Bd4 g5 27. Ne2 Ng4
28. Bxg7 Kxg7 29. Nd4 Nxf2 30. Nf5+ Kg6 31. Rxf2 Bxe4 32. Nd6 Re6 33. Nxb7 f5
34. Nc5 Re5 35. b4 a5 36. Kb2 Bd5 37. a3 Rae8 38. Rd1 axb4 39. axb4 Re2+ 40. Rd2
Bc4 41. Kc2 Rxf2 42. Rxf2 Ra8 43. Kb1 Ra3 44. Rd2 Rxc3 45. Rd6+ Kh5 46. Rxc6 f4
47. Kb2 Re3 48. Nd7 Bb5 49. Nf6+ Kg6 50. Rb6 Re2+ 51. Kc3 f3 52. Ng4+ Kf5 53.
Nxh6+ Ke4 54. Re6+ Kd5 55. Rxe2 fxe2 56. Kd2 Ke4 57. Nf7 Kf3 58. Ke1 Kg2 59. Nxg5
Kxh2 60. Ne4 Bd3 61. Nf2 Bc4 62. Ne4 Bd3 63. Nf2 Bc4 64. g4 Kg3 65. g5 Kf4 66.
g6 Kf5 67. g7 Kf6 68. g8=Q Bxg8 69. Kxe2 Bc4+ 70. Ke3 Ke5 71. Ng4+ Kd5 72. Nf6+
Kc6 73. Kd4 Kb5 74. Kc3 Be6 75. Ne4 Bd5 76. Ng3 Bf3 77. Nf5 Bg2 78. Nd4+ Kb6 79.
Kb3 Bd5+ 80. Ka4 Bc4 81. b5 Bxb5+ 82. Nxb5 1/2-1/2

[Event "Druzynowe Mistrzostwa Polski Juniorow - I Liga 2023"]
[Site "Lublin"]
[Date "1899-12-30"]
[Round "8.6"]
[White "Tokarz, Gabriela"]
[Black "Skorupa, Antonina"]
[Result "1-0"]
[WhiteTitle "I++"]
[BlackTitle "I"]
[WhiteElo "1549"]
[BlackElo "1203"]

1. d4 d5 2. c4 c6 3. Nf3 Nf6 4. Nc3 a6 5. cxd5 cxd5 6. Bf4 Nc6 7. e3 Bf5 8. Bd3
Bxd3 9. Qxd3 h6 10. O-O Nh5 11. Bg3 Nxg3 12. hxg3 e6 13. Rac1 Bd6 14. Na4 O-O
15. Nc5 Qe7 16. Qb3 Rfc8 17. Qb6 Rab8 18. Rc3 Bc7 19. Qb3 Na5 20. Qc2 Nc4 21.
b3 Na3 22. Qb2 Nb5 23. Rc2 Bd6 24. a4 b6 25. axb5 bxc5 26. dxc5 Bxc5 27. bxa6
Ba3 28. Qa2 Rxc2 29. Qxc2 Qa7 30. Qd3 Rb6 31. Ra1 Qxa6 32. Qxa6 Rxa6 33. b4 Ra7
34. Nd4 Rb7 35. Rxa3 Rxb4 36. f4 Kh7 37. g4 Kg6 38. Kf2 Kf6 39. Ra6 Rb2+ 40. Kf3
Rb1 41. f5 Kg5 42. fxe6 fxe6 43. Rxe6 Rf1+ 44. Kg3 g6 45. Nf3+ Rxf3+ 46. gxf3
h5 47. gxh5 gxh5 48. Re5+ Kf6 49. Rxd5 h4+ 50. Kxh4 Ke6 51. e4 Kf6 52. f4 Ke6
53. Ra5 Kf6 54. Ra6+ Ke7 55. e5 Kf7 56. f5 Ke7 57. Ra7+ Kf8 58. f6 Kg8 59. e6
Kf8 60. Ra8# 1-0

[Event "Druzynowe Mistrzostwa Polski Juniorow - I Liga 2023"]
[Site "Lublin"]
[Date "1899-12-30"]
[Round "8.7"]
[White "Klim, Filip"]
[Black "Gradalski, Olaf"]
[Result "1-0"]
[WhiteTitle "k"]
[BlackTitle "k"]
[WhiteElo "1988"]
[BlackElo "2061"]

1. e4 c5 2. Nf3 d6 3. d4 cxd4 4. Nxd4 Nf6 5. Nc3 a6 6. Be2 e5 7. Nb3 Be7 8. O-O
O-O 9. Qd3 Nc6 10. Nd5 Nxd5 11. exd5 Nb8 12. Be3 Nd7 13. c4 f5 14. f4 Nf6 15.
Rad1 Re8 16. c5 Bd7 17. fxe5 dxe5 18. Qc2 f4 19. Bf2 Qc8 20. Bd3 Bf8 21. Nd2 Kh8
22. d6 g6 23. Ne4 Ng4 24. b4 Bh6 25. Kh1 Qd8 26. a4 Rf8 27. Be2 Nxf2+ 28. Rxf2
Qe8 29. Nc3 Rc8 30. Bf3 b6 31. cxb6 e4 32. b7 exf3 33. bxc8=Q fxg2+ 34. Kxg2 Qxc8
35. Ne4 Bc6 36. Kg1 Qf5 37. Re1 Bd5 38. Rfe2 f3 39. Rf2 Re8 40. Qc3+ Bg7 41. Ng3
Qd7 42. Rxe8+ Qxe8 43. Qc5 Qe6 44. Rd2 Bc4 45. Kf2 Bf6 1-0